000 01375nam a2200337 a 4500
001 ebr10224743
003 CaPaEBR
006 m u
007 cr cn|||||||||
008 021106s2003 nyua sb 001 0 eng
010 _z 2002041208
020 _z0826458696
040 _aCaPaEBR
_cCaPaEBR
035 _a(OCoLC)614499590
050 1 4 _aP121
_b.H314 2003eb
082 0 4 _a410
_222
100 1 _aHalliday, M. A. K.
_q(Michael Alexander Kirkwood),
_d1925-
245 1 0 _aOn language and linguistics
_h[electronic resource] /
_cM.A.K. Halliday ; edited by Jonathan Webster.
260 _aNew York :
_bContinuum,
_c2003.
300 _axi, 476 p. :
_bill.
490 1 _aCollected works of M.A.K. Halliday ;
_vv. 3
504 _aIncludes bibliographical references (p. 443-467) and index.
533 _aElectronic reproduction.
_bPalo Alto, Calif. :
_cebrary,
_d2013.
_nAvailable via World Wide Web.
_nAccess may be limited to ebrary affiliated libraries.
650 0 _aLinguistics.
650 0 _aLanguage and languages.
655 7 _aElectronic books.
_2local
700 1 _aWebster, Jonathan,
_d1955-
710 2 _aebrary, Inc.
800 1 _aHalliday, M. A. K.
_q(Michael Alexander Kirkwood),
_d1925-
_tWorks.
_f2002 ;
_vv. 3.
856 4 0 _uhttp://site.ebrary.com/lib/rucke/Doc?id=10224743
_zAn electronic book accessible through the World Wide Web; click to view
999 _c40537
_d40537